| 000 | 00532nam a2200157 i 4500 | ||
|---|---|---|---|
| 001 | 41282 | ||
| 003 | ES-MaACL | ||
| 007 | t| | ||
| 008 | 030310s1953 sp ||||1| spa d | ||
| 100 | 1 |
_aCarvalho, Henriques, F. de. _935959 |
|
| 245 | 1 | 3 |
_aLa gerencia y el personal de la empresa / _cF. de Carvalho Henriques ; versión española por Pilar Vázquez Cuesta. |
| 260 |
_aMadrid : _bEditorial Enciclopédica, _c1953. |
||
| 300 |
_a245 p. ; _c21 cm. |
||
| 700 | 1 |
_aVázquez Cuesta, Pilar. _9113409 |
|
| 852 |
_aES-MaACL _jC-5780 _bR.34960 |
||
| 999 |
_c41282 _d41282 |
||